00378cam a2200145ua 4500020001000000041001000010082002300020100002600043245007700069260004300146300001200189365001000201500001600211504000500227 c12.50 aengh a342.029954bVID/CO aMahajan, Vidyadhar . aContitutional history of India / cVidyadhar Mahajan.hTextual Documents aNew Delhi : bS.Chand and Co , c1962. a724 ; . a12.50 a**Reference a